My Fav song - Statistics

General Stats
  • This quiz has been taken 3 times
  • The average score is 14 of 25
Answer Stats
Hint Answer % Correct
So shine bright, tonight you and I We're beautiful like diamonds in the sky Eye to eye, so alive We're beautiful like diamonds in the sky Diamonds
100%
Just one more tear to cry
One teardrop from my eye
You better save it for
The middle of the night
When things aren't black and white
Enter, Troubadour
"Remember twenty-four?"
And when I'm back in Chicago, I feel it
End of Beginning
100%

1,2,3 1,2,3 drink 1,2,3 1,2,3 drink 1,2,3 1,2,3 drink

Throw em back, till I lose count

Chandelier
67%
Lately I been, I been losing sleepDreaming about the things that we could be But baby I been, I been prayin' hard Said no more counting dollars We'll be counting stars Counting stars
67%

Yeah, You could be the greatest You can be the best You can be the king kong banging on your chest

You could beat the world You could beat the war You could talk to God, go banging on his door

Hall of fame
67%
I'm only one call awayI'll be there to save the day Superman got nothing on me I'm only one call away One call away
67%
And I was runnin' far away Would I run off the world someday? Nobody knows Nobody knows, and I was dancing in the rain I felt alive and I can't complain Runaway
67%
Oh don't you dare look back.
Just keep your eyes on me.
I said, You're holding back,
She said, Shut up and dance with me!
This woman is my destiny
She said, Ooh-ooh-hoo,
Shut up and dance with me.
Shut up and Dance
67%
Never mind I'll find
Someone like you
I wish nothing but the best for you
Too.. Don't forget me
I beg
I remember you said
Sometimes it lasts in love
But sometimes it hurts instead
Sometimes it lasts in love
But sometimes it hurts instead
Someone like you
67%

I've been reading books of old The legends and the myths Achilles and his gold Hercules and his gifts Spiderman's control And Batman with his fists And clearly I don't see myself upon that list

But she said, where did you wanna go? How much you wanna risk? I'm not looking for somebody With some superhuman gifts Some superhero Some fairytale bliss Just something I can turn to Somebody I can kiss

Something just like this
67%
I do the same thing I told you that I never wouldI told you I'd change, even when I knew I never could Know that I can't find nobody else as good as you I need you to stay, need you to stay, hey (oh) Stay
67%
When the sun shines, we'll shine together Told you I'll be here forever Said I'll always be your friend Took an oath, I'ma stick it out 'til the end Now that it's raining more than ever Know that we'll still have each other Umbrella
67%
Georgia, wrap me up in all your...I want ya, in my arms Oh, let me hold ya I'll never let you go again, like I did Oh, I used to say Until i found you
67%
Baby you light up my world like nobody else
The way that you flip your hair gets me overwhelmed
But when you smile at the ground it aint hard to tell
You don't know
Oh Oh
You don't know you're beautiful
What makes you beautiful
67%
Your skin
Oh yeah your skin and bones
Turn into something beautiful
D'you know for you I bleed myself dry
For you I bleed myself dry
Yellow
67%
So it's gonna be forever
Or it's gonna go down in flames
You can tell me when it's over
If the high was worth the pain
Got a long list of ex-lovers
They'll tell you I'm insane
Cause you know I love the players
And you love the game
Blank space
33%
Wise men say only fools rush inBut I can't help falling in love with you Shall I stay? Would it be a sin If I can't help falling in love with you Can't help falling in love
33%
So baby pull me closer in the backseat of your Rover
That I know you can't afford
Bite that tattoo on your shoulder
Pull the sheets right off the corner
Of the mattress that you stole
From your roommate back in Boulder
We ain't ever getting older
Closer
33%
You say I'm crazy'Cause you don't think I know what you've done But when you call me baby I know I'm not the only one I'm not the only one
33%
You could never know what it's like
Your blood like winter freezes just like ice
And there's a cold lonely light that shines from you
You'll wind up like the wreck you hide behind that mask you use
I'm still standing
33%
Who do you think you are?
Runnin' 'round leaving scars
Collecting a jar of hearts
Tearing love apart
You're gonna catch a cold
From the ice inside your soul
Don't come back for me
Who do you think you are?
Jar of hearts
33%
I'm covering my ears like a kid
When your words mean nothing, I go la la la
I'm turning up the volume when you speak
'Cause if my heart can't stop it,
I find a way to block it
La la la
33%
Cause you make me feel like, I've been locked out of heavenFor too long, for too long Locked out heaven
33%
So you can keep me
Inside the pocket of your ripped jeans
Holding me close until our eyes meet
You won't ever be alone, wait for me to come home
Photograph
33%
You held me down, but I got up
Already brushing off the dust
You hear my voice, your hear that sound
Like thunder, gonna shake your ground
You held me down, but I got up
Get ready cause I've had enough
I see it all, I see it now
Roar
33%
No matching quizzes found
Score Distribution
Percent of People with Each Score
Percentile by Number Answered
Your Score History
You have not taken this quiz